<?xml version="1.0" encoding="UTF-8"?>
<record
    xmlns:xsi="http://www.w3.org/2001/XMLSchema-instance"
    xsi:schemaLocation="http://www.loc.gov/MARC21/slim http://www.loc.gov/standards/marcxml/schema/MARC21slim.xsd"
    xmlns="http://www.loc.gov/MARC21/slim">

  <leader>02193nab a2200277uuc4500</leader>
  <controlfield tag="001">1537454</controlfield>
  <controlfield tag="005">20240202132548.0</controlfield>
  <controlfield tag="008">191101e20170905                    por  </controlfield>
  <datafield tag="035" ind1=" " ind2=" ">
    <subfield code="a">1537454</subfield>
  </datafield>
  <datafield tag="040" ind1=" " ind2=" ">
    <subfield code="c">comduadb</subfield>
  </datafield>
  <datafield tag="041" ind1=" " ind2=" ">
    <subfield code="a">por</subfield>
  </datafield>
  <datafield tag="100" ind1="1" ind2="0">
    <subfield code="a">Rigatti, Roberta</subfield>
    <subfield code="4">aut</subfield>
    <subfield code="e">aut</subfield>
    <subfield code="9">792878</subfield>
  </datafield>
  <datafield tag="245" ind1="1" ind2="0">
    <subfield code="a">Adapta&#xE7;ao transcultural do Inventory of Callous-Unemotional Traits para avalia&#xE7;ao de tra&#xE7;os de insensibilidade e afetividade restrita de adolescentes no Brasil</subfield>
  </datafield>
  <datafield tag="520" ind1="3" ind2=" ">
    <subfield code="a">Objetivo: Realizar la adaptaci&#xF3;n transcultural para el portugu&#xE9;s brasile&#xF1;o del instrumento Inventory of Callous-Unemotional Traits (ICU) para evaluaci&#xF3;n de trazos de insensibilidad y afectividad restricta de adolescentes. M&#xE9;todo: Estudio metodol&#xF3;gico que abarc&#xF3; las etapas de traducci&#xF3;n, re-traducci&#xF3;n, evaluaci&#xF3;n por comit&#xE9; de expertos y de claridad de la versi&#xF3;n pre-final del ICU, evaluado por 40 adolescentes, entre 10 y 17 a&#xF1;os, de ambos los sexos, de una escuela p&#xFA;blica. Resultados: La versi&#xF3;n pre-final del ICU ha sido aprobada por el comit&#xE9; de expertos y por el autor del instrumento. La evaluaci&#xF3;n mostr&#xF3; claramente una buena comprensi&#xF3;n de los &#xED;tems. Sin embargo, 10 &#xED;tems con menos claridad se modificaron como sugerencias. Conclusi&#xF3;n: La versi&#xF3;n final del ICU para el portugu&#xE9;s brasile&#xF1;o result&#xF3; ser similar a la del instrumento original en lo relativo a la sem&#xE1;ntica, operacional, as&#xED; como la equivalencia conceptual. Se recomiendan estudios que revelen la validez psicom&#xE9;trica del ICU adaptado para el portugu&#xE9;s brasile&#xF1;o.</subfield>
  </datafield>
  <datafield tag="650" ind1=" " ind2=" ">
    <subfield code="a">Adolescentes - Brasil</subfield>
    <subfield code="9">183042</subfield>
  </datafield>
  <datafield tag="650" ind1=" " ind2=" ">
    <subfield code="a">Estudios de evaluaci&#xF3;n</subfield>
    <subfield code="9">56750</subfield>
  </datafield>
  <datafield tag="650" ind1=" " ind2=" ">
    <subfield code="a">Adaptaci&#xF3;n transcultural</subfield>
    <subfield code="9">211307</subfield>
  </datafield>
  <datafield tag="650" ind1=" " ind2=" ">
    <subfield code="a">Rasgos de Insensibilidad Emocional (RIE)</subfield>
    <subfield code="9">230468</subfield>
  </datafield>
  <datafield tag="700" ind1="1" ind2="0">
    <subfield code="a">DeSouza, Diogo Ara&#xFA;jo</subfield>
    <subfield code="4">aut</subfield>
    <subfield code="e">aut</subfield>
    <subfield code="9">793221</subfield>
  </datafield>
  <datafield tag="700" ind1="1" ind2="0">
    <subfield code="a">Salum, Giovanni</subfield>
    <subfield code="4">aut</subfield>
    <subfield code="e">aut</subfield>
    <subfield code="9">793664</subfield>
  </datafield>
  <datafield tag="700" ind1="1" ind2="0">
    <subfield code="a">Alves, Pamela Franciele Oliveira</subfield>
    <subfield code="4">aut</subfield>
    <subfield code="e">aut</subfield>
    <subfield code="9">793367</subfield>
  </datafield>
  <datafield tag="700" ind1="1" ind2="0">
    <subfield code="a">Bottan, Gabriela</subfield>
    <subfield code="4">aut</subfield>
    <subfield code="e">aut</subfield>
    <subfield code="9">793368</subfield>
  </datafield>
  <datafield tag="700" ind1="1" ind2="0">
    <subfield code="a">Heldt, Elizeth</subfield>
    <subfield code="4">aut</subfield>
    <subfield code="e">aut</subfield>
    <subfield code="9">787495</subfield>
  </datafield>
  <datafield tag="773" ind1="0" ind2=" ">
    <subfield code="t">Revista Ga&#xFA;cha de Enfermagem (Porto Alegre)</subfield>
    <subfield code="g">Volumen 38, N&#xFA;mero 03, Septiembre de 2017, 22-28</subfield>
    <subfield code="w">1260103</subfield>
    <subfield code="x">0102-6933</subfield>
    <subfield code="0">595082</subfield>
  </datafield>
  <datafield tag="942" ind1=" " ind2=" ">
    <subfield code="c">ARIMP</subfield>
  </datafield>
  <datafield tag="999" ind1=" " ind2=" ">
    <subfield code="c">803870</subfield>
    <subfield code="d">803870</subfield>
  </datafield>
</record>
